Most expensive sports card sales by sport - Statistics

General Stats
  • This quiz has been taken 16 times
  • The average score is 10 of 25
Answer Stats
Sport Sale Player % Correct
Football $3,107,372.40 Brady
87%
Soccer $336,000 Messi
87%
Soccer $230,000 Ronaldo
80%
Basketball $5,900,000 Curry
73%
Basketball $5,200,000 James
73%
Basketball $2,928,000 Jordan
67%
Football $4,300,000 Mahomes
67%
Hockey $2,592,000 Gretzky
60%
Baseball $12,600,000 Mantle
47%
Soccer $372,000 Pele
40%
Baseball $7,200,000 Ruth
40%
Baseball $7,250,000 Wagner
40%
Soccer $121,000 Mbappe
33%
Football $650000 Rice
33%
Football $1,800,000 Herbert
27%
Hockey $445,000 Ovechkin
27%
Basketball $4,600,000 Doncic
20%
Basketball $1,857,300 Giannis
20%
Football $1,700,000 Burrow
13%
Soccer $157,000 Maradona
13%
Hockey $980,000 Orr
13%
Baseball $1,284,544 Clemente
7%
Hockey $660,000 Lemieux
7%
Hockey $870,000 Mcdavid
7%
Baseball $3,936,000 Trout
7%
No matching quizzes found
Score Distribution
Percent of People with Each Score
Percentile by Number Answered
Your Score History
You have not taken this quiz